000 004870000a22001930004500
003 LK-CoMWRAF
008 230817t ||||| |||| 00| 0 eng d
040 _aLK-CoMWRAF
_dLK-CoMWRAF
_eLK-CoMWRAF
041 _aeng
082 _a430
_bMAT
100 _aMeenakshisundaram,K
100 _aSivasubramaniam,A
100 _aThaper,Romila
245 _aMatharcharbinmaiyum Namathu Ethikalamum
_b
260 _aChennai
_bSOUTH VISION
_c1999
300 _ap.64
650 _aTamil
942 _cBK
999 _c529
_d529